| 000 | 01674naa a22003377a 4500 | ||
|---|---|---|---|
| 001 | BR8707779 | ||
| 003 | BR-BrBNA | ||
| 005 | 20250721154535.0 | ||
| 007 | ta | ||
| 008 | 250630b bl.|||m| |||| 00| 0 por d | ||
| 040 |
_aBR-BrBNA _bpor _cBiblioteca Nacional de Agricultura |
||
| 041 | _a(Pt) | ||
| 072 |
_aF06 _b1440 _bG514 |
||
| 090 | _aF06 BR8707779 | ||
| 100 | 1 | _aSantos, M. de L.B. dos | |
| 100 | 1 | _aCorrea, E.P. | |
| 100 | 1 | _aChagas, A.M. | |
| 111 | 1 |
_a4. Seminario de Pesquisa Agropecuaria do Piaui _cTeresina, PI (Brazil) _d1986 |
|
| 245 | 1 | _aEfeito da irrigacao em caupi (Vigna unguiculata (L.)Walp.) | |
| 246 | 1 | _a[Effect of irrigation on Cowpea (Vigna unguiculata (L.)Walp.)] | |
| 246 | 1 | _a[Annals of the 4th Seminary on Agricultural and Zootechnic research of Piaui: Piaui and agricultural development, generation of tecnology, irrigation policy and alternative agriculture] | |
| 500 | _aAnais do 4. Seminario de Pesquisa Agropecuaria do Piaui: Piaui e desenvolvimento agricola, geracao de tecnologia, politica de irrigacao e agricultura alternativa Teresina, PI (Brasil): 1986. p. 293-303 [5 ref.; Summary (Pt)] (BR8707779-AMS) | ||
| 773 | 0 |
_tAnais do 4. Seminario de Pesquisa Agropecuaria do Piaui: Piaui e desenvolvimento agricola, geracao de tecnologia, politica de irrigacao e agricultura alternativa _wF06 BR8707779 _gTeresina, PI (Brasil), 1986. p. 293-303 |
|
| 650 | _aFEIJAO DE CORDA | ||
| 650 | _aIRRIGACAO | ||
| 650 | _aVALE DO GURGUEIA | ||
| 650 | _aPIAUI | ||
| 490 |
_aDocumentos - Unidade de Execucao de Pesquisa de Ambito Estadual de Teresina (Brazil) _vno. 6 |
||
| 942 |
_cAMS _2AGRIS |
||
| 909 |
_a202506 _bLúcia _c55 _dLúcia Elande |
||
| 999 |
_c335503 _d335503 |
||